| 000 | 00431nam a2200145Ia 4500 | ||
|---|---|---|---|
| 008 | 160216s9999 xx 000 0 und d | ||
| 100 | _aVan Wijk, A.J.M. | ||
| 245 | _aWelcome to the Green Village / | ||
| 245 | _cA.J.M. Van Wijk. | ||
| 260 | _bIOS Press | ||
| 260 | _c2013 | ||
| 650 | _xSustainable Housing. | ||
| 650 | _xUrban policy and urban studies. | ||
| 856 | _uhttp://ebooks.iospress.nl/book/welcome-to-the-green-village | ||
| 999 |
_c290635 _d290635 |
||